The act of creation (Record no. 11112)

MARC details
000 -LEADER
fixed length control field 00492nam a2200169Ia 4500
003 - CONTROL NUMBER IDENTIFIER
control field IN-BaIIA
008 - FIXED-LENGTH DATA ELEMENTS--GENERAL INFORMATION
fixed length control field 211028s9999 xx 000 0 eng d
020 ## - INTERNATIONAL STANDARD BOOK NUMBER
International Standard Book Number 0-14-019191-7
040 ## - CATALOGING SOURCE
Transcribing agency IIA Library
080 ## - UNIVERSAL DECIMAL CLASSIFICATION NUMBER
Universal Decimal Classification number 159.954
Item number KOE
100 ## - MAIN ENTRY--PERSONAL NAME
Personal name Koestler, Arthur
9 (RLIN) 19032
245 #4 - TITLE STATEMENT
Title The act of creation
Statement of responsibility, etc. Arthur Koestler
260 ## - PUBLICATION, DISTRIBUTION, ETC.
Place of publication, distribution, etc. England
Name of publisher, distributor, etc. Penguin Books
Date of publication, distribution, etc. 1964
300 ## - PHYSICAL DESCRIPTION
Extent 751 p
650 ## - SUBJECT ADDED ENTRY--TOPICAL TERM
Topical term or geographic name entry element Astronomy and Astrophysics Thesaurus
942 ## - ADDED ENTRY ELEMENTS (KOHA)
Koha item type Books
Holdings
Withdrawn status Lost status Damaged status Not for loan Home library Current library Shelving location Date acquired Cost, normal purchase price Total Checkouts Full call number Barcode Date last seen Cost, replacement price Price effective from Koha item type Purchase Price
        IIA Library-Bangalore IIA Library-Bangalore General Stacks 28/07/1994 346.70   159.954/ KOE 12026 05/11/2021 346.70 28/07/1994 Books Rs. 346.70

Powered by Koha